| 000 | 00511nam a22001817a 4500 | ||
|---|---|---|---|
| 005 | 20180731155245.0 | ||
| 010 | _aB-158966 | ||
| 020 |
_a8176489425 _c895.00 |
||
| 035 | _aB-158966 | ||
| 037 | _bA.P.H. Publishing Corporation | ||
| 082 | _a372.3044 | ||
| 100 | _aJoshi, S.R. | ||
| 245 |
_aTeaching of science _cS.R. Joshi |
||
| 260 |
_aNew Delhi _bA.P.H. Publishing Corporation _c2005 |
||
| 300 |
_a383p. _c22cm.(hbk) |
||
| 942 |
_2ddc _cEN _h372.3044 _mJOS |
||
| 999 |
_c155209 _d155209 |
||